[Event "Fyli op 5th"]
[Site "Fyli"]
[Date "2012.10.20"]
[Round "6"]
[White "Kapellas, Nikiforos Dimitrios"]
[Black "Fessas, Prokopios"]
[Result "0-1"]
[WhiteElo "1400"]
[BlackElo "2011"]
[PlyCount "44"]
[EventDate "2012.09.15"]
[EventType "swiss"]
[EventRounds "7"]
[EventCountry "GRE"]
[SourceTitle "EXT 2014"]
[Source "ChessBase"]
[SourceDate "2013.11.20"]
[SourceVersion "1"]
[SourceVersionDate "2013.11.20"]
[SourceQuality "1"]

1. d4 Nf6 2. f4 e6 3. e3 b6 4. Bd3 Bb7 5. Nf3 Be7 6. Nbd2 d5 7. 0-0 Nbd7 8. Ne5 0-0 9. c3 c5 10. Ndf3 Ne4 11. Bxe4 dxe4 12. Nxd7 Qxd7 13. Nd2 cxd4 14. cxd4 Ba6 15. Re1 f5 16. b3 Rac8 17. Bb2 Bd3 18. Rc1 Rxc1 19. Qxc1 Rc8 20. Qa1 Bb4 21. Bc1 Rc2 22. Rd1 Bc3 0-1